| 000 | 00452nam a22001577a 4500 | ||
|---|---|---|---|
| 008 | 230316b |||||||| |||| 00| 0 eng d | ||
| 040 |
_aNational Science Library _cNational Science Library |
||
| 080 |
_aD 54(091) _bK1.2 |
||
| 100 |
_aPartington, J R _93334 |
||
| 245 | _aHistory of chemistry | ||
| 260 |
_aLondon: _bMacmillan & Co Ltd., _c1961 |
||
| 300 | _axxi, 795p. | ||
| 650 | _aChemistry | ||
| 653 | _aTechnological treatises | ||
| 942 |
_2udc _cBK |
||
| 999 |
_c9991 _d9991 |
||